|
|
|
|
| LEADER |
01263nam a22003732a 4500 |
| 001 |
001769575 |
| 003 |
CZ BrMZK |
| 005 |
20200918110723.0 |
| 007 |
ta |
| 008 |
200918s1973 xxu er|||||||||||eng d |
| 020 |
|
|
|q (Brož.)
|
| 040 |
|
|
|a ABD046
|b cze
|d BOA001
|
| 072 |
|
7 |
|a 591
|x Obecná zoologie
|2 Konspekt
|9 2
|
| 080 |
|
|
|a 591.5
|2 MRF
|
| 080 |
|
|
|a 599.61(548.7)
|2 MRF
|
| 080 |
|
|
|a 591.9
|2 MRF
|
| 080 |
|
|
|a 316.62
|2 MRF
|
| 100 |
1 |
|
|a McKay, George,
|d 1944-
|4 aut
|
| 245 |
1 |
0 |
|a Behavior and ecology of the Asiatic elephant in southeastern Ceylon /
|c George M. McKay
|
| 260 |
|
|
|a Washington :
|b Smithsonian Institution Press,
|c 1973
|
| 300 |
|
|
|a 4, 113 s.
|
| 490 |
1 |
|
|a Smithsonian contributions to zoology,
|x 0081-0282 ;
|v no. 125
|
| 504 |
|
|
|a Obsahuje bibliografii
|
| 650 |
0 |
7 |
|a ekologie živočichů
|7 ph114419
|2 czenas
|
| 650 |
0 |
7 |
|a chobotnatci
|7 ph119188
|2 czenas
|
| 650 |
0 |
7 |
|a zoogeografie
|7 ph127666
|2 czenas
|
| 650 |
0 |
7 |
|a sociální chování
|7 ph125776
|2 czenas
|
| 651 |
|
7 |
|a Srí Lanka
|7 ge128585
|2 czenas
|
| 653 |
0 |
|
|a Proboscidea
|
| 830 |
|
0 |
|a Smithsonian contributions to zoology
|
| 910 |
|
|
|a BOA001
|b 3-0700.988
|
| 990 |
|
|
|a BK
|
| 991 |
|
|
|b 202009
|
| 996 |
7 |
|
|b 2618897651
|c 3-0700.988
|l MZK
|r Sklad / do 1 hodiny
|n 0
|w 001827299
|u 000010
|a 1
|e BOA001
|j MZK50
|s A
|